بين يدى النجديات / (رقم التسجيلة. 144286)
[ عرض عادي ]
| 000 -LEADER | |
|---|---|
| fixed length control field | 01078cam a2200277 a 4500 |
| 003 - CONTROL NUMBER IDENTIFIER | |
| control field | EG-GiCUC |
| 008 - FIXED-LENGTH DATA ELEMENTS--GENERAL INFORMATION | |
| fixed length control field | 160801s2003 jo g 000 0 ara d |
| 017 ## - COPYRIGHT OR LEGAL DEPOSIT NUMBER | |
| Copyright or legal deposit number | 2003 / 7 / 1459 |
| Assigning agency | الاردن . المكتبة الوطنية |
| 040 ## - CATALOGING SOURCE | |
| Original cataloging agency | EG-GiCUC |
| Language of cataloging | ara |
| Transcribing agency | EG-GiCUC |
| 043 ## - GEOGRAPHIC AREA CODE | |
| Geographic area code | ma----- |
| 092 04 - LOCALLY ASSIGNED DEWEY CALL NUMBER (OCLC) | |
| Classification number | 410 |
| Item number | K22 |
| Edition number | 21 |
| 099 ## - LOCAL FREE-TEXT CALL NUMBER (OCLC) | |
| Classification number | 04 |
| -- | 410 K22 |
| 100 1# - MAIN ENTRY--PERSONAL NAME | |
| Personal name | الكواملة : عبد الفتاح |
| 245 10 - TITLE STATEMENT | |
| Title | بين يدى النجديات / |
| Statement of responsibility, etc. | عبد الفتاح الكواملة ؛ اعداد و تقديم زياد ابو لبن |
| 260 ## - PUBLICATION, DISTRIBUTION, ETC. | |
| Place of publication, distribution, etc. | عمان : |
| Name of publisher, distributor, etc. | [د . ن ]: |
| Date of publication, distribution, etc. | 2003 |
| 300 ## - PHYSICAL DESCRIPTION | |
| Extent | 128ص؛ |
| Dimensions | 20سم |
| 504 ## - BIBLIOGRAPHY, ETC. NOTE | |
| Bibliography, etc. note | يشتمل على ارجاعات ببليوجرافية |
| 650 #7 - SUBJECT ADDED ENTRY--TOPICAL TERM | |
| Topical term or geographic name entry element | اللغة العربية |
| Source of heading or term | qrmak |
| 650 #7 - SUBJECT ADDED ENTRY--TOPICAL TERM | |
| Topical term or geographic name entry element | اللغة العربية |
| General subdivision | تعليم و تدريس |
| Geographic subdivision | العالم العربى |
| Source of heading or term | qrmak |
| 700 1# - ADDED ENTRY--PERSONAL NAME | |
| Personal name | ابو لبن : زياد |
| 902 ## - LOCAL DATA ELEMENT B, LDB (RLIN) | |
| No. of Items | 1 |
| 905 ## - LOCAL DATA ELEMENT E, LDE (RLIN) | |
| Cataloger | اميرة |
| Reviser | مدخل |
| 905 ## - LOCAL DATA ELEMENT E, LDE (RLIN) | |
| Cataloger | جيهان |
| Reviser | مراجع |
| 942 ## - ADDED ENTRY ELEMENTS (KOHA) | |
| Source of classification or shelving scheme | Dewey Decimal Classification |
| Koha item type | Books |
| Source of classification or shelving scheme | Not for loan | Home library | Current library | Date acquired | Full call number | Barcode | Date last seen | Koha item type |
|---|---|---|---|---|---|---|---|---|
| Dewey Decimal Classification | المكتبة المركزبة الجديدة - جامعة القاهرة | قاعة الثقاقات الاجنبية - الدور الثالث | 11.02.2024 | 410 K22 L.C | 01000100149568000 | 05.07.2024 | Books |